000 00880cam a2200253 a 4500
001 181
003 BR-CuiBMT
005 20231117222953.0
008 230824b2018 mgb 000 0 por d
020 _a788577006403
040 _aBR-CuiBMT
_cBR-CuiBMT
080 _22007
_a342
090 _a342
_bB277n
100 1 _aBarroso, Luís Roberto,
_d1958-
245 1 2 _aO novo direito constitucional brasileiro :
_bcontribuições para a construção teórica e prática da jurisdição constitucional no Brasil /
_cLuís Roberto Barroso.
260 _aBelo Horizonte :
_bFórum,
_cc2012.
300 _a522 p. ;
_c22 cm
504 _aInclui bibliografia.
590 _aA biblioteca possui a 1. reimpr. 2018 e a 5. reimpr. 2018.
650 _aDireito constitucional
_zBrasil
650 _aJurisdição (Direito constitucional)
_zBrasil
650 _aDireito público
942 _2udc
_cLV
999 _c181
_d181